00622nam a2200193Ia 4500001002100000003000900021008004100030040002300071041001300094100002300107240002800130245003000158250001200188260002800200300001900228490002600247501012400273700003100397823-FOR fr al (9220)IT-MiSPE171229s9999||||xx |||||||||||||| ||und|| aIT-MiSPEcIT-MiSPE aITALIANO aFrederick Forsyth  aThe devil's alternative 0aL'alternativa del diavolo a3 rist. aMilanobMondadoric1988 a425 p. c20 cm aBestsellers Oscarv49 aEdizioni San Paolo srl - Piazza Soncino, 5 - 20092 CINISELLO BALSAMO (MI) (non commercial uses only) ® Copyright 2018 aBruno Odderag(traduzione)